000 00640nam a2200181Ia 4500
003 GCL
005 20240530103351.0
008 140319s9999 xx 000 0 ara d
040 _aGCL /
_cGCL
082 0 4 _a953.03
_bم و
100 1 _aمحمد ماهر حمادة
245 1 0 _aالوثائق السياسية والادارية العائدة للعصر الاموى 132-40 هـ - 750-661م /
_cمحمد ماهر حمادة
300 _a593 ص
490 0 _aسلسلة وثائق الاسلام ؛
650 0 4 _aالدولة الاسلامية - تاريخ
650 0 4 _aالدولة الاموية - تاريخ
942 _2ddc
_cBK
999 _c38863
_d38863